Statistics for Five Biggest Cities by Continent by Letter - A

Click here to take the quiz!

General Stats

  • This quiz has been taken 405 times
    (222 since last reset)
  • The average score is 19 of 30

Answer Stats

PopulationCountryCity% Correct
3,350,000GreeceAthens
99%
2,475,000NetherlandsAmsterdam
98%
5,050,000TurkeyAnkara
98%
3,975,000AlgeriaAlgiers
97%
5,600,000JordanAmman
97%
1,410,000New ZealandAuckland
97%
5,850,000EgyptAlexandria
96%
3,800,000EthiopiaAddis Ababa
96%
1,220,000BelgiumAntwerp
94%
5,100,000GhanaAccra
93%
2,350,000ParaguayAsunción
93%
5,850,000United StatesAtlanta
92%
1,340,000AustraliaAdelaide
91%
5,600,000Côte d'IvoireAbidjan
82%
8,500,000IndiaAhmedabad
78%
1,960,000United StatesAustin
72%
69,000SamoaApia
70%
2,300,000IndiaAgra
62%
572,000GermanyAachen
56%
887,000MexicoAcapulco
49%
918,000United StatesAlbuquerque
41%
1,080,000PeruArequipa
30%
2,625,000ChinaAnshan
27%
1,170,000MexicoAguascalientes
26%
34,000AustraliaAlbany
24%
534,000RussiaAstrakhan
18%
95,000AustraliaAlbury
8%
1,010,000BrazilAracaju
6%
503,000ColombiaArmenia
5%
490,000BrazilAmericana
2%

Score Distribution

Percentile by Number Answered

Percent of People with Each Score

Your Score History

You have not taken this quiz since the last reset